000
00287nam a2200097Ia 4500
008
180205s9999 xx 000 0 und d
100
_a
Deuthsch
245
_a
To protect and improve social security :
_b
make every voice count
260
_a
USA
_b
Dogwood Press
_c
1992
300
_a
ii, 109 pages
999
_c
354785
_d
354785